| 000 | 00581 a2200181 4500 | ||
|---|---|---|---|
| 003 | NUST | ||
| 020 | _a9789690010025 | ||
| 038 | _a0 | ||
| 082 | _a347.05095 | ||
| 100 | 1 |
_aTetley, Brian. _935640 |
|
| 245 | 1 | 0 |
_aDefenders of pakistan / _cBrian Tetley. |
| 260 |
_a[S.l.] : _bSpectrum Guides, _c1990. |
||
| 300 | _a198 p. | ||
| 500 | _aHardcover. | ||
| 856 | 4 | 0 |
_3Amazon.com _uhttp://www.amazon.com/exec/obidos/ASIN/9690010026/chopaconline-20 |
| 856 | 4 | 0 |
_3Amazon customer reviews _uhttp://www.chopac.org/cgi-bin/tools/azrev.pl?q=9690010026 |
| 942 |
_aNBS _cBK _k347.05095491 AMI _2ddc |
||
| 999 |
_c343598 _d343598 |
||